| 000 | 01158nam a22003257a 4500 | ||
|---|---|---|---|
| 003 | CHAP | ||
| 005 | 20220817042003.0 | ||
| 008 | 971013s r 00010 d | ||
| 010 | _a30944 | ||
| 011 | _a31916 | ||
| 035 | _a36028 | ||
| 040 | _cCHAP | ||
| 090 | _aR-2281 | ||
| 100 | 0 | 0 |
_aNavarro, Luis A. _980605 |
| 245 | _aDesarrollo agrícola, conceptos y organización institucional | ||
| 500 | _aSobretiro de : Curso sobre Técnicas y Estratégias para eliseño de Opciones Tecnológicas como parte de la Investigación en Sistemas de Cultivo )1980 : Panamá, Panamá) | ||
| 590 |
_aBATCH-UPD _b10 _c20130110 _lUCH01 _h0955 |
||
| 590 |
_aBATCH-UPD _b10 _c20130410 _lUCH01 _h0608 |
||
| 590 |
_aBATCH-UPD _b10 _c20130914 _lUCH01 _h1149 |
||
| 590 |
_aBATCH-UPD _b10 _c20140805 _lUCH01 _h1144 |
||
| 590 |
_aCONVERSION _b10 _c20130109 _lUCH01 _h1318 |
||
| 650 | 1 | 4 |
_aAgricultura _xAspectos económicos. |
| 650 | 1 | 4 |
_aAgricultura _xInvestigación. _91577 |
| 650 | 1 | 4 | _aDesarrollo económico. |
| 650 | 1 | 4 |
_aDesarrollo rural. _932067 |
| 650 | 1 | 4 |
_aExtensión agrícola. _939144 |
| 901 | _aBK | ||
| 942 | _cREIMP | ||
| 949 |
_aR-2281 _bBC _cR _d-83107 _eTS1 _i36028 _si |
||
| 999 |
_c30944 _d30944 |
||